मरणानंतरचे मरण (Record no. 92003)

MARC details
000 -LEADER
fixed length control field 00630nam a2200181Ia 4500
008 - FIXED-LENGTH DATA ELEMENTS--GENERAL INFORMATION
fixed length control field 090124s9999 xx 000 0 und d
082 ## - DEWEY DECIMAL CLASSIFICATION NUMBER
Item number 22950
100 ## - MAIN ENTRY--PERSONAL NAME
Personal name बनहट्टी राजेंद्र
245 ## - TITLE STATEMENT
Title मरणानंतरचे मरण
250 ## - EDITION STATEMENT
Edition statement 1
260 ## - PUBLICATION, DISTRIBUTION, ETC. (IMPRINT)
Name of publisher, distributor, etc विश्वमोहिनी प्रकाशन
Date of publication, distribution, etc 1985
300 ## - PHYSICAL DESCRIPTION
Extent 100
600 ## - SUBJECT ADDED ENTRY--PERSONAL NAME
Personal name बनहट्टी राजेंद्र
630 ## - SUBJECT ADDED ENTRY--UNIFORM TITLE
Uniform title मरणानंतरचे मरण
700 ## - ADDED ENTRY--PERSONAL NAME
Personal name बनहट्टी राजेंद्र
730 ## - ADDED ENTRY--UNIFORM TITLE
Uniform title मरणानंतरचे मरण
942 ## - ADDED ENTRY ELEMENTS (KOHA)
Koha item type Book
Holdings
Withdrawn status Lost status Damaged status Not for loan Home library Current library Date acquired Cost, normal purchase price Total Checkouts Full call number Barcode Date last seen Cost, replacement price Price effective from Koha item type
        Nagar Wachan Mandir, Thane Nagar Wachan Mandir, Thane   15.00   22950 THNNWM-22950 01/24/2009 15.00 01/24/2009 Book